000 00782nam a22002417a 4500
008 240619b mp ||||| |||| 00| 0 mon d
020 _a978-9919-517-96-0
035 _a24077
040 _aUV1862160
_bmon
_cMN-UlNLM
_dMN-UlNLM
_erda
041 _amon
042 _a53782
082 _210-t
_a808.899
_bК.98
100 _aЭрих Э.
245 0 _aНисдэг анги
264 _aУБ.
_bМон судар хэвлэлийн газар
_c2022
300 _a213х.
336 _2rdacontent
_atext
_btxt
337 _2rdamedia
_aunmediated
_bn
338 _2rdacarrier
_avolume
_bnc
650 _aХүүхдийн шилдэг зохиолын гайхамшгийн эрэлд цуврал номоос ..........
942 _210-t
_cBK
999 _c925171
_d925228